00972 a2200181 45000010006000000050017000060080041000230030015000640400040000790800045001192450032001642640041001963000019002375050405002560410008006611000022006698560099006914504420260407155725.0260407a2008 arg spa dAR-UNSa-BCEJYS aAR-UNSa-BCEJYSbspacAR-UNSa-BCEJYS a342.7-055.15xDerechos de los niños/as10aInforme de actividades 2008 1aCórdoba :bFundación Arcorc2008 a106 p.c21 cm. a1. Palabra de presentación- 2. Por la igualdad de oportunidades para la infancia 3 .Dossier especial : Por una escuela hecha por todos para todos – 4. Logros, avances y desafíos : así fue el año 2008 – 5. Con perspectiva de red : Trabajar juntos con un objetivo en común – 6. Con perspectiva regional : el Instituto Arcor Brasil – 7. Indicativas apoyadas – 8. Abiertos a escuchar. aspa1 aFundación Arcor41uhttps://www.biblioeco.unsa.edu.ar/pmb/images/libros/L127068.jpgyImagen de portadaqimage/jpeg